Eintracht Frankfurt 22/23 squad - Statistics

General Stats
  • This quiz has been taken 113 times
    23 since last reset
  • The average score is 19 of 32
Answer Stats
# Player % Correct
1 Kevin Trapp
100%
2 Evan N'Dicka
90%
9 Randal Kolo Muani
90%
29 Jesper Lindström
85%
20 Makoto Hasebe
85%
27 Mario Götze
85%
15 Daichi Kamada
80%
Coach Oliver Glasner
80%
17 Sebastian Rode
80%
35 Tuta
80%
36 Ansgar Knauff
75%
6 Kristijan Jakić
75%
19 Rafael Borré
75%
24 Aurélio Buta
65%
25 Christopher Lenz
65%
8 Djibril Sow
65%
26 Junior Dina Ebimbe
65%
18 Almamy Touré
60%
5 Hrvoje Smolčić
60%
21 Lucas Alario
60%
32 Philipp Max
55%
22 Timothy Chandler
55%
40 Diant Ramaj
45%
11 Faride Alidou
45%
30 Paxten Aaronson
45%
31 Jens Grahl
40%
28 Marcel Wenig
35%
45 Mehdi Loune
30%
49 Jan Schröder
15%
48 Nacho Ferri
15%
41 Simon Simoni
15%
46 Dario Gubuhr
0%
No matching quizzes found
Score Distribution
Percent of People with Each Score
Percentile by Number Answered
Your Score History
You have not taken this quiz since the last reset